000 00659nam a2200229 i 4500
001 bgj
100 1 _aROSMAN, Abraham
245 1 0 _aThe Tapestry of Culture :
_ban introduction to cultural anthropology /
_cAbraham Rosman ; Paula G. Rubel.
250 _a3rd edITION.
260 _aNew York :
_bRandom House,
_cc. 1989.
300 _aXIV, 336 pp :
_bill. ;
_c24 cm.
504 _aBibliography p. 303-318.
505 _aIncludes index.
650 9 _aEthnology
700 1 _aRUBEL, Paula.
_eco-author
020 _a0075578700
040 _cBPK
041 _aeng
920 _a0-07-557870-0
942 _cKS
008 s uk f |000 0 eng
999 _c47684
_d47684
856 _uhttp://koha.tu.koszalin.pl/cgi-bin/koha/opac-detail.pl?biblionumber=47684
_yKatalog online BPK